000 00331nam a2200145Ia 4500
100 _aSingh/Bani/ Murari K
942 _cBK
654 _aMaths
245 _aMathematics & its application in engg & Industry
260 _bNarosa Pub
_aNew Delhi
_c1997
082 _a519
_bSIN
300 _a605
546 _aENGLISH
999 _c27561
_d27561